000 00811nam a2200253Ia 4500
003 OSt
005 20220923211041.0
006 a|||||r|||| 00| 0
007 ta
008 Pun
020 _a8173291756 (hbk)
_c150
024 _a281,932
037 _b868, 14/08/2014, H.K. Prakashan
_cTextual
040 _aARTS
_cARTS
_bPun
041 _2Pun
_aPun
082 _aO153,1N49x, Q4
100 _aਉਪਰਾਮ, ਭੁਪਿੰਦਰ
_9156279
245 0 _aਦੁਨੀਆਂ ਦਾ ਦੁਖ ਦੇਖ ਦੇਖ
260 _aਦਿੱਲੀ
_b Fਿਲਾਲੇਖ
_c2014
300 _a128ਪੰ
_ccm.
650 _aਪੰਜਾਬੀ ਸਾਹਿਤ
942 _hO153,1N49x, Q4
_cTEXL
_2CC
999 _c294501
_d294501